[Event "Seville-ch"]
[Site "Seville"]
[Date "2014.02.22"]
[Round "5.7"]
[White "Quesada Aguilera, Antonio"]
[Black "Gonzalez Marquez, Antonio Jesus"]
[Result "1/2-1/2"]
[WhiteElo "2012"]
[BlackElo "2056"]
[PlyCount "124"]
[EventDate "2014.01.25"]
[EventType "swiss"]
[EventRounds "9"]
[EventCountry "ESP"]
[SourceTitle "EXT 2024"]
[Source "ChessBase"]
[SourceDate "2023.10.10"]
[SourceVersion "1"]
[SourceVersionDate "2023.10.10"]
[SourceQuality "1"]

1. d4 e6 2. Nf3 Nf6 3. c4 b6 4. a3 Bb7 5. Nc3 d6 6. Qc2 c5 7. dxc5 bxc5 8. Bf4 Be7 9. Rd1 Qb6 10. e3 0-0 11. Be2 Rd8 12. 0-0 Nbd7 13. e4 e5 14. Bg5 Rab8 15. Bc1 Nf8 16. Nd5 Nxd5 17. exd5 Bc8 18. Bd3 g6 19. Ng5 f6 20. Ne4 f5 21. Ng3 e4 22. Be2 Bf6 23. b4 cxb4 24. axb4 Qxb4 25. Bg5 Bxg5 26. Rb1 Qc5 27. Rxb8 Nd7 28. Rb5 Qc7 29. Qa2 Nc5 30. Rfb1 Bd7 31. Qa5 Qxa5 32. Rxa5 a6 33. Ra3 f4 34. Nf1 Bf6 35. Nd2 Bf5 36. Rb6 Bd4 37. Nb3 Nxb3 38. Rbxb3 Ra8 39. c5 Bxc5 40. Rxa6 Rxa6 41. Bxa6 Kg7 42. Kf1 Kf6 43. Rb8 e3 44. fxe3 fxe3 45. Re8 Bd7 46. Re4 Bf5 47. Re8 Kf7 48. Rb8 Kf6 49. Re8 Bc2 50. Bc4 Ba4 51. Re6+ Kf7 52. h4 Bd7 53. Re4 Bf5 54. Rf4 Kf6 55. g4 Ke5 56. gxf5 Kxf4 57. fxg6 hxg6 58. Kg2 Ke4 59. Ba6 Kd4 60. Kf3 Kxd5 61. Ke2 g5 62. Bd3 Ke5 1/2-1/2

[Event "Andalucia-ch"]
[Site "Lucena"]
[Date "2012.05.01"]
[Round "9"]
[White "Quesada Aguilera, Antonio"]
[Black "Gonzalez Lopez, Jose Antonio"]
[Result "1/2-1/2"]
[WhiteElo "2021"]
[BlackElo "1796"]
[PlyCount "113"]
[EventDate "2012.04.26"]
[EventType "swiss"]
[EventRounds "9"]
[EventCountry "ESP"]
[SourceTitle "EXT 2013"]
[Source "ChessBase"]
[SourceDate "2012.11.22"]
[SourceVersion "1"]
[SourceVersionDate "2012.11.22"]
[SourceQuality "1"]

1. d4 Nf6 2. Nf3 g6 3. c4 Bg7 4. Nc3 0-0 5. e4 d6 6. Be2 Nbd7 7. 0-0 e5 8. d5 a5 9. Qc2 Nc5 10. Nd2 Ne8 11. Nb3 Nxb3 12. axb3 Bd7 13. Be3 f5 14. f3 f4 15. Bf2 b6 16. Ra2 Nf6 17. Rfa1 Rb8 18. Nd1 g5 19. Be1 g4 20. b4 axb4 21. Nf2 h5 22. Nd3 Nh7 23. Nxb4 Ng5 24. Nc6 Bxc6 25. dxc6 gxf3 26. Bxf3 Qe8 27. Qd1 Qxc6 28. Qd5+ Qxd5 29. cxd5 Bf6 30. Ra7 Bd8 31. Kf1 Kg7 32. Ke2 Nxf3 33. gxf3 Rg8 34. Bf2 Kf8 35. Rg1 Rxg1 36. Bxg1 Rc8 37. Bf2 Be7 38. Kd3 b5 39. Rb7 c6 40. dxc6 Rxc6 41. Rb8+ Kf7 42. Rxb5 Rc1 43. Rb7 Ke6 44. b4 Rf1 45. Ke2 Rb1 46. Be1 Bd8 47. Rh7 h4 48. Rb7 Rc1 49. h3 Rb1 50. Rg7 Bf6 51. Ra7 Bd8 52. Ra2 Be7 53. Bf2 Rxb4 54. Rd2 Rb8 55. Kf1 Rb3 56. Kg2 Rb5 57. Ra2 1/2-1/2

[Event "Andalucia-ch"]
[Site "Lucena"]
[Date "2012.04.30"]
[Round "7"]
[White "Quesada Aguilera, Antonio"]
[Black "Silva Lucena, Cristian"]
[Result "1-0"]
[WhiteElo "2021"]
[BlackElo "1822"]
[PlyCount "63"]
[EventDate "2012.04.26"]
[EventType "swiss"]
[EventRounds "9"]
[EventCountry "ESP"]
[SourceTitle "EXT 2013"]
[Source "ChessBase"]
[SourceDate "2012.11.22"]
[SourceVersion "1"]
[SourceVersionDate "2012.11.22"]
[SourceQuality "1"]

1. d4 Nf6 2. Nf3 g6 3. c4 Bg7 4. Nc3 0-0 5. e4 d6 6. Be2 e5 7. 0-0 Nc6 8. d5 Ne7 9. b4 Nh5 10. Re1 Nf4 11. Bf1 c6 12. Be3 cxd5 13. cxd5 f5 14. Bxf4 exf4 15. e5 dxe5 16. Nxe5 a6 17. Rc1 g5 18. d6 Ng6 19. Bc4+ Kh8 20. Nf7+ Rxf7 21. Bxf7 Bd7 22. Be6 Bc6 23. Bxf5 f3 24. gxf3 g4 25. Bxg6 gxf3 26. Re7 hxg6 27. Qd3 Bf6 28. Rce1 Qg8 29. Qf1 Bh4 30. Qh3 Qc4 31. R1e4 Bxe4 32. Qxh4+ 1-0